000 00642nam a22002417a 4500
001 0074
003 DO-SdBNP
005 20180125104909.0
007 0074
008 151012b sp 1960 xxu||||| |||| 00| 0 spa d
020 _a9788430571543
040 _aBPMSU
_bspa
_cBPMSU
092 _axxxxxxx
_bxxxxxxx
100 _aBlyton, Enid
245 1 0 _aEn busca del tesoro y La familia caravana /
_cEnid Blyton
260 _aMadrid, España :
_bSusaeta
_c1960
300 _a241 p. :
_bil.,
_c20 cm.
490 1 0 _aEnid Blyton
_v6
830 _aEnid Blyton
_n6
942 _2ddc
_cBK
945 _ainventariado, 2018 / dg
956 _aBrenda Tavárez
999 _c8369
_d8369